Scruffy : A Diversion /
Kaydedildi:
| Yazar: | |
|---|---|
| Materyal Türü: | Kitap |
| Dil: | İngilizce |
| Baskı/Yayın Bilgisi: |
Londres, Inglaterra :
Michael Joseph,
1962, c1962
|
| Konular: | |
| Etiketler: |
Etiket eklenmemiş, İlk siz ekleyin!
|
MARC
| LEADER | 00000nam^a2200000^a^4500 | ||
|---|---|---|---|
| 001 | 000336968 | ||
| 005 | 20250521000000.0 | ||
| 009 | 20260310114315.579 | ||
| 037 | |a Acervo Xavier Clavigero | ||
| 041 | |a ING | ||
| 082 | |a 813. |b GAL | ||
| 100 | |a Gallico, Paul |e (autor) | ||
| 245 | 1 | 0 | |a Scruffy : |b A Diversion / |c P. Gallico. |
| 264 | 4 | |a Londres, Inglaterra : |b Michael Joseph, |c 1962, c1962 | |
| 300 | |a 295 p. | ||
| 336 | |a texto |b txt |2 rdacontenido | ||
| 337 | |a sin mediación |b n |2 rdamedio | ||
| 338 | |a volumen |b nc |2 rdasoporte | ||
| 545 | 0 | |a Paul Gallico (1897-1976), escritor norteamericano nacido en Nueva York, ejerció la crítica cinematográfica, el periodismo deportivo y después se inclinó por la literatura. Su narrativa evoca experiencias sobre deportes, da vida a la interacción entre los animales y los humanos y describe tragedias marinas. Entre sus obras se encuentran El ganso blanco, El pequeño milagro, Los abandonados, Scruffy, La aventura del Poseidón, entre otros. Esta última fue llevada al cine con el mismo título por Ronald Neame. | |
| 649 | |a XX | ||
| 650 | |a Novela Norteamericana | ||
| 650 | |a Literatura Norteamericana - |y Siglo XX | ||
| 910 | |a Fondo General | ||
| 920 | |a Impresos - Libros | ||
| 930 | |a Colección General | ||
| 940 | |a Literatura | ||
| 905 | |a 101 | ||
| 901 | |a 064702 |b IT1 |c LIT |u 20250521 | ||
| 902 | |a https://opac.biblio.iteso.mx/vufind/Record/000336968 | ||